[Event "52nd World Juniors 2013"]
[Site "Kocaeli TUR"]
[Date "2013.09.14"]
[Round "2.24"]
[White "Ferreira, Jorge Viterbo"]
[Black "Muhammad, Luthfi Ali"]
[Result "1/2-1/2"]
[WhiteTitle "FM"]
[BlackTitle "CM"]
[WhiteElo "2426"]
[BlackElo "2277"]
[WhiteFideId "1910850"]
[BlackFideId "7103743"]
[EventDate "2013.09.13"]

1. c4 Nf6 2. g3 g6 3. Bg2 Bg7 4. Nc3 O-O 5. e4 c5 6. Nge2 Nc6 7. O-O d6 8. d3
Bg4 9. f3 Bd7 10. Be3 a6 11. a4 Rb8 12. d4 cxd4 13. Nxd4 Nxd4 14. Bxd4 Qa5 15.
Qd3 Rfc8 16. b3 Be6 17. f4 Nd7 18. Bxg7 Kxg7 19. f5 Qc5+ 20. Kh1 Ne5 21. Qd2 Bd7
22. Nd5 Nc6 23. Nxe7 Nxe7 24. f6+ Kh8 25. fxe7 Qe5 26. Rad1 Qxe7 27. Qd4+ Kg8
28. e5 d5 29. cxd5 Rc2 30. Rde1 Bf5 31. g4 Qh4 32. e6 Qxg4 33. Qxg4 Bxg4 34.
Rxf7 Rf8 35. h3 Bh5 36. Rxb7 Bf3 37. Bxf3 Rxf3 38. Rf7 Rxf7 39. exf7+ Kxf7 40.
Re6 Rc3 41. Kg2 Rxb3 42. Rxa6 Rd3 43. Ra7+ Kf6 44. Rxh7 Rxd5 45. Rh4 g5 46. Rc4
Rd3 47. h4 gxh4 48. Rxh4 Ra3 49. Kf2 Ke5 50. Ke2 Kd5 51. Kd2 Kc6 52. Kc2 Kb7 53.
Kb2 Rg3 54. Rb4+ Ka8 55. Rb3 Rxb3+ 56. Kxb3 1/2-1/2

[Event "52nd World Juniors 2013"]
[Site "Kocaeli TUR"]
[Date "2013.09.14"]
[Round "2.25"]
[White "Sanal, Vahap"]
[Black "Chu, Wei Chao"]
[Result "1/2-1/2"]
[WhiteTitle "IM"]
[WhiteElo "2419"]
[BlackElo "2270"]
[WhiteFideId "6300545"]
[BlackFideId "8605661"]
[EventDate "2013.09.13"]

1. e4 c5 2. Nf3 d6 3. d4 cxd4 4. Nxd4 Nf6 5. Nc3 a6 6. f3 e5 7. Nb3 Be6 8. Be3
Be7 9. Qd2 O-O 10. O-O-O b5 11. g4 Nbd7 12. g5 b4 13. Ne2 Ne8 14. f4 a5 15. f5
a4 16. Nbd4 exd4 17. Nxd4 b3 18. Kb1 bxc2+ 19. Nxc2 Bb3 20. axb3 axb3 21. Na3
Ne5 22. Qg2 Qb8 23. Bf4 Ra4 24. f6 Bd8 25. Rd5 Bb6 26. Rb5 Qa7 27. Rxb3 Bc5 28.
Bb5 Rb4 29. Rxb4 Bxb4 30. Nc2 Nc7 31. Nxb4 Nxb5 32. Bxe5 dxe5 33. Nc6 Qa4 34.
Rc1 Ra8 35. Ne7+ Kh8 36. Rc8+ Rxc8 37. Nxc8 Qd1+ 38. Ka2 Qa4+ 1/2-1/2

[Event "52nd World Juniors 2013"]
[Site "Kocaeli TUR"]
[Date "2013.09.14"]
[Round "2.26"]
[White "Yargici, Mazhar Kutay"]
[Black "Bortnyk, Mykola"]
[Result "0-1"]
[WhiteElo "1970"]
[BlackElo "2417"]
[WhiteFideId "6310400"]
[BlackFideId "14120836"]
[EventDate "2013.09.13"]

1. d4 Nf6 2. c4 e6 3. Nc3 Bb4 4. Qc2 d5 5. a3 Bxc3+ 6. Qxc3 Ne4 7. Qc2 O-O 8.
Nf3 c6 9. g3 Nd7 10. Bg2 b6 11. Ne5 Nxe5 12. Bxe4 Nxc4 13. Bxh7+ Kh8 14. Bd3 Bb7
15. O-O Nd6 16. Bf4 Rc8 17. Qa4 a6 18. Rac1 g5 19. Bxd6 Qxd6 20. Qb4 Qxb4 21.
axb4 f5 22. Ra1 Ra8 23. Ra3 Kg7 24. Rfa1 b5 25. f4 Kf6 26. Bc2 Rh8 27. Rf1 gxf4
28. gxf4 Rh4 29. Rf2 Rg4+ 30. Kf1 Rag8 31. e3 Rg1+ 32. Ke2 Rh1 33. Kf3 Bc8 34.
Rg2 Rf1+ 35. Rf2 Re1 36. Rd3 Bd7 37. Re2 Rf1+ 38. Rf2 Rc1 39. Rdd2 Be8 40. Ke2
Bh5+ 41. Kd3 Rgg1 42. Bb3 Rb1 43. Ba2 Ra1 44. Bb3 Bg4 45. Kc3 Rge1 46. Kd3 Bh3
47. Rf3 Bf1+ 48. Kc3 Rac1+ 49. Rc2 Bc4 50. Rxc1 Rxc1+ 51. Bc2 a5 52. bxa5 b4+
53. Kd2 Ra1 54. Bd3 Rxa5 55. Bxc4 dxc4 56. Rh3 Ra2 57. Kc1 Ra1+ 58. Kd2 c3+ 59.
Kc2 Ra2 60. Rh8 Rxb2+ 61. Kc1 Ke7 62. h4 Kd6 63. Rb8 Kd5 64. Rb6 Kc4 65. Rxc6+
Kd3 66. Rb6 Rh2 67. Kb1 Rh1+ 0-1

[Event "52nd World Juniors 2013"]
[Site "Kocaeli TUR"]
[Date "2013.09.14"]
[Round "2.27"]
[White "Bai, Jinshi"]
[Black "Nuri, Murad"]
[Result "1-0"]
[WhiteElo "2419"]
[BlackElo "2206"]
[WhiteFideId "8602280"]
[BlackFideId "13404474"]
[EventDate "2013.09.13"]

1. Nf3 Nf6 2. d4 g6 3. c4 Bg7 4. Nc3 O-O 5. e4 d6 6. h3 c5 7. d5 e6 8. Bd3 exd5
9. exd5 Re8+ 10. Be3 Bh6 11. O-O Bxe3 12. fxe3 a6 13. e4 Nbd7 14. Qd2 Kg7 15. a3
Ne5 16. Nxe5 Rxe5 17. Rf3 Nd7 18. Qf4 f6 19. Raf1 Qc7 20. Nd1 h5 21. Ne3 Qd8 22.
Nf5+ gxf5 23. Rg3+ Kh7 24. exf5 Nf8 25. Qh4 Kh6 26. Bc2 Bd7 27. Qxh5+ 1-0

[Event "52nd World Juniors 2013"]
[Site "Kocaeli TUR"]
[Date "2013.09.14"]
[Round "2.28"]
[White "Cori, Jorge"]
[Black "Yuksel, Atilla Koksal"]
[Result "1/2-1/2"]
[WhiteTitle "GM"]
[BlackTitle "CM"]
[WhiteElo "2587"]
[BlackElo "2060"]
[WhiteFideId "3802272"]
[BlackFideId "6306667"]
[EventDate "2013.09.13"]

1. e4 c5 2. Nf3 Nc6 3. Bb5 g6 4. O-O Bg7 5. c3 Nf6 6. Re1 O-O 7. h3 a6 8. Bf1
Qb6 9. Na3 d5 10. d3 e5 11. exd5 Nxd5 12. Qb3 Qxb3 13. axb3 Na5 14. Nd2 Rd8 15.
g3 f6 16. Bg2 Nc7 17. Nc2 Nc6 18. Ne4 Ne6 19. Be3 Rxd3 20. Red1 Rxd1+ 21. Rxd1
f5 22. Nxc5 Nxc5 23. Bxc6 bxc6 24. Rd8+ Bf8 25. Bxc5 Bb7 26. Rxa8 Bxa8 27. b4
Bh6 28. Na3 Kf7 29. Nc4 Ke6 30. Kf1 Bg5 31. Ke2 Bd8 32. Bb6 Be7 33. h4 Kd5 34.
b3 Ke6 35. Kd3 h5 36. Bc7 Bf6 37. f4 e4+ 38. Kc2 Bb7 39. Bb6 Bc8 40. Bd4 Bxd4
41. cxd4 Bd7 42. Kc3 Kd5 43. Nb6+ Kd6 44. Na4 Kd5 45. Nb6+ Kd6 1/2-1/2

[Event "52nd World Juniors 2013"]
[Site "Kocaeli TUR"]
[Date "2013.09.14"]
[Round "2.29"]
[White "Petenyi, Tamas"]
[Black "Bornheim, Craig"]
[Result "1-0"]
[WhiteTitle "IM"]
[BlackTitle "CM"]
[WhiteElo "2468"]
[BlackElo "1973"]
[WhiteFideId "14909090"]
[BlackFideId "14300370"]
[EventDate "2013.09.13"]

1. e4 c5 2. Nf3 d6 3. d4 cxd4 4. Nxd4 Nf6 5. Nc3 a6 6. Be3 e5 7. Nf3 b5 8. a4 b4
9. Nd5 Nbd7 10. Bg5 Bb7 11. Bxf6 Nxf6 12. Bc4 Be7 13. Nxf6+ Bxf6 14. Qd3 O-O 15.
O-O Qc7 16. Rad1 Rfd8 17. Rfe1 a5 18. b3 Rac8 19. Re2 Be7 20. Bd5 Bxd5 21. Qxd5
Qa7 22. Qd2 Rc5 23. Ne1 h6 24. Nd3 Rc3 25. Nb2 Rdc8 26. Nc4 R8xc4 27. bxc4 Rxc4
28. g3 Qc5 29. Qd5 Rxc2 30. Rxc2 Qxc2 31. Rd3 Qxa4 32. Rf3 Bf6 33. Qxd6 Qa1+ 34.
Kg2 Qd4 35. Qc6 Kh7 36. h3 a4 37. Qxa4 Qxe4 38. Qb3 Qb7 39. Kh2 Kg8 40. Rd3 Qb6
41. Kg1 Qb5 42. Rd5 Qc6 43. Qd3 Qc3 44. Qxc3 bxc3 45. Rc5 e4 46. Rc4 e3 47. f3
g5 48. Kf1 Be5 49. f4 gxf4 50. gxf4 Bf6 51. Ke2 Kg7 52. Kxe3 Kg6 53. Ke4 Bg7 54.
Rc6+ Kh5 55. f5 Kh4 56. f6 Bh8 57. Kf5 c2 58. Rxc2 Kxh3 59. Rc8 Bxf6 60. Kxf6
Kg4 61. Rg8+ Kh4 62. Rh8 Kh5 63. Kf5 1-0

[Event "52nd World Juniors 2013"]
[Site "Kocaeli TUR"]
[Date "2013.09.14"]
[Round "2.30"]
[White "Baghdasaryan, Vahe"]
[Black "Farid, Firman Syah"]
[Result "1-0"]
[WhiteTitle "IM"]
[BlackTitle "IM"]
[WhiteElo "2423"]
[BlackElo "2433"]
[WhiteFideId "13303139"]
[BlackFideId "7102526"]
[EventDate "2013.09.13"]

1. e4 c6 2. d4 d5 3. e5 Bf5 4. h4 h5 5. c4 e6 6. Nc3 Ne7 7. Nge2 dxc4 8. Ng3 Na6
9. Bxc4 Nb4 10. O-O Bc2 11. Qe2 Nf5 12. Bg5 Nxd4 13. Qd2 Be7 14. Bxe7 Nf3+ 15.
gxf3 Qxd2 16. Bxb4 Qf4 17. b3 a5 18. Bc5 Qxe5 19. Nce4 Rd8 20. Rfe1 Bxe4 21.
Nxe4 Qf4 22. Rad1 Rd5 23. Bxd5 cxd5 24. Rxd5 exd5 25. Nf6+ Kd8 26. Bb6+ Kc8 27.
Nxd5 Qd2 28. Re5 f6 29. Ne7+ Kd7 30. Rd5+ Qxd5 31. Nxd5 Kc6 32. Bxa5 Kxd5 33.
Bb4 Rc8 34. a4 Ke6 35. Kg2 g6 36. a5 Rc6 37. Kg3 Rc1 38. Bf8 1-0

[Event "52nd World Juniors 2013"]
[Site "Kocaeli TUR"]
[Date "2013.09.14"]
[Round "2.31"]
[White "Buyukasik, Diyap"]
[Black "Fang, Yan"]
[Result "1/2-1/2"]
[WhiteElo "2046"]
[BlackElo "2281"]
[WhiteFideId "6319602"]
[BlackFideId "8604746"]
[EventDate "2013.09.13"]

1. d4 Nf6 2. Nf3 c5 3. g3 cxd4 4. Nxd4 e5 5. Nb3 d5 6. Bg2 h6 7. O-O Be7 8. Nc3
Be6 9. Re1 Nc6 10. Na4 O-O 11. Nac5 Bc8 12. e4 Bg4 13. Qd2 d4 14. h3 Bc8 15. Nd3
a5 16. Qe2 b6 17. a3 Ba6 18. f4 Rc8 19. Nd2 Qc7 20. Qf2 Bd6 21. Nf1 Nd7 22. f5
Ncb8 23. Re2 Be7 24. Nh2 f6 25. Nf3 Nc5 26. Nfe1 Nbd7 27. Qf3 Qd8 28. Qg4 Kh8
29. Bf3 Rg8 30. Qh4 Nf8 31. g4 Nh7 32. Qg3 Qd7 33. h4 Bxd3 34. Nxd3 Nxd3 35.
cxd3 Qb5 36. Bg2 Rc6 37. Bf1 Rgc8 38. Bd2 Qxb2 39. Rae1 Qxa3 40. g5 fxg5 41.
hxg5 Bxg5 42. Qxe5 Bxd2 43. Rxd2 Ng5 44. Rf2 Rc2 45. f6 Qf8 46. Qxd4 gxf6 47.
Qxb6 Qg7 48. Kh1 Rxf2 49. Qxf2 Rg8 50. Bg2 Qg6 51. Qh4 Ne6 52. Bh3 Qg5 53. Qxg5
Nxg5 54. Bg2 Rd8 55. e5 Re8 56. d4 fxe5 57. dxe5 Kg7 58. Bd5 Re7 59. Kg2 Kg6 60.
Ra1 Ra7 61. Rf1 Rc7 62. Rf6+ Kg7 63. Rd6 1/2-1/2

[Event "52nd World Juniors 2013"]
[Site "Kocaeli TUR"]
[Date "2013.09.14"]
[Round "2.32"]
[White "Ter-Sahakyan, Samvel"]
[Black "Meftahi, Houssem"]
[Result "1-0"]
[WhiteTitle "GM"]
[WhiteElo "2575"]
[BlackElo "2076"]
[WhiteFideId "13302531"]
[BlackFideId "5501660"]
[EventDate "2013.09.13"]

1. e4 c5 2. Nf3 Nc6 3. Bb5 e6 4. O-O Nge7 5. c3 a6 6. Ba4 b5 7. Bc2 d5 8. e5 d4
9. Be4 Bb7 10. a4 Nd5 11. axb5 axb5 12. Rxa8 Bxa8 13. Na3 Nc7 14. Qe2 Qb8 15.
cxd4 Nxd4 16. Nxd4 cxd4 17. Bxa8 Qxa8 18. Nxb5 Qd8 19. b3 Nxb5 20. Qxb5+ Qd7 21.
Qb8+ Qd8 22. Qxd8+ Kxd8 23. Bb2 Bb4 24. Ra1 Kd7 25. Ra7+ Kc6 26. Bxd4 Bxd2 27.
Rxf7 Rd8 28. Be3 Bc3 29. f4 Kd5 30. Rc7 Ba5 31. Rc4 1-0

[Event "52nd World Juniors 2013"]
[Site "Kocaeli TUR"]
[Date "2013.09.14"]
[Round "2.33"]
[White "Kovalev, Vladislav"]
[Black "Karaokcu, Erkin"]
[Result "1-0"]
[WhiteTitle "IM"]
[WhiteElo "2568"]
[BlackElo "2014"]
[WhiteFideId "13504398"]
[BlackFideId "6348459"]
[EventDate "2013.09.13"]

1. e4 e6 2. d4 d5 3. Nd2 Nf6 4. e5 Nfd7 5. Bd3 c5 6. c3 Nc6 7. Ne2 cxd4 8. cxd4
f6 9. exf6 Nxf6 10. O-O Bd6 11. Nf3 Qc7 12. Bg5 O-O 13. Bh4 Nh5 14. Qc2 h6 15.
Bh7+ Kh8 16. Bg6 Rxf3 17. Bxh5 Rf8 18. Bg3 e5 19. dxe5 Bxe5 20. Rad1 Bf5 21. Qc5
Be4 22. f3 Bf5 23. Rxd5 Bxg3 24. hxg3 Be6 25. Rd2 Rf5 26. Qd6 Qb6+ 27. Rf2 Rf6
28. Qa3 Ne5 29. b3 Qe3 30. Nf4 Qe1+ 31. Kh2 Qa1 32. Rfe2 Bf5 33. Qc5 Nc6 34. Be8
Bh7 35. Nd5 Rf5 36. g4 1-0

[Event "52nd World Juniors 2013"]
[Site "Kocaeli TUR"]
[Date "2013.09.14"]
[Round "2.36"]
[White "Sumer, Gun"]
[Black "Velten, Paul"]
[Result "0-1"]
[BlackTitle "FM"]
[WhiteElo "1928"]
[BlackElo "2427"]
[WhiteFideId "6311784"]
[BlackFideId "681091"]
[EventDate "2013.09.13"]

1. e4 e6 2. d4 d5 3. Nc3 Nf6 4. e5 Nfd7 5. f4 c5 6. Nf3 Nc6 7. Be3 a6 8. g3 Qb6
9. a3 cxd4 10. Nxd4 Bc5 11. Na4 Qa5+ 12. c3 Bxd4 13. Bxd4 Nxd4 14. Qxd4 O-O 15.
Bd3 Qc7 16. b4 b6 17. O-O Bb7 18. Nb2 Nb8 19. Rae1 Nc6 20. Qe3 Rad8 21. f5 exf5
22. Rxf5 d4 23. Rh5 f5 24. Bc4+ Kh8 25. Qg5 g6 26. Qxg6 dxc3 27. e6 Qe7 28. Nd3
b5 29. Nf4 bxc4 30. Qh6 Rf6 31. Ng6+ Rxg6 32. Qxg6 Nd4 33. Rxh7+ Qxh7 34. Qf6+
Qg7 35. Qxd8+ Kh7 36. e7 Bc6 37. e8=Q Bxe8 38. Rxe8 c2 39. Re7 c1=Q+ 40. Kg2
Qd2+ 41. Kh3 Qh6+ 42. Kg2 c3 43. Rxg7+ Qxg7 44. a4 c2 45. Qc8 Qe7 46. Kh3 f4 0-1

[Event "52nd World Juniors 2013"]
[Site "Kocaeli TUR"]
[Date "2013.09.14"]
[Round "2.37"]
[White "Karabayir, Mustafa Yilmaz"]
[Black "Firat, Burak"]
[Result "0-1"]
[BlackTitle "IM"]
[WhiteElo "1926"]
[BlackElo "2423"]
[WhiteFideId "6300090"]
[BlackFideId "6305881"]
[EventDate "2013.09.13"]

1. e4 c5 2. Nf3 e6 3. d4 cxd4 4. Nxd4 Nf6 5. Nc3 d6 6. Be2 Nc6 7. Be3 Be7 8. O-O
O-O 9. f4 a6 10. a4 Qc7 11. Nb3 b6 12. Bf3 Bb7 13. g4 Nd7 14. Bg2 Rfe8 15. g5
Bf8 16. Rf3 g6 17. Rh3 Nb4 18. Qd2 Rac8 19. Qf2 Bg7 20. Rf1 Qc4 21. Nd2 Qc6 22.
Nb3 Ba8 23. Bd4 Bxd4 24. Nxd4 Qc5 25. Kh1 Nf8 26. Nce2 Qc7 27. c3 Nc6 28. Nc2
Qe7 29. Ne3 Nd7 30. f5 exf5 31. Qh4 f6 32. Nd5 Qf7 33. gxf6 fxe4 34. Nef4 Nf8
35. Nxb6 Rb8 36. Nxa8 Rxa8 37. Qg5 Re5 38. Qg3 d5 39. Rh5 Rae8 40. Rxe5 Rxe5 41.
b4 Rf5 42. b5 axb5 43. axb5 Ne5 44. Rd1 Nc4 45. Bh3 Rxf6 46. Nxd5 Rf3 47. Qh4
Nb2 48. Ne7+ Kg7 49. Rb1 Nd3 50. Bg2 Rf4 51. Qg5 Rg4 52. Nf5+ Qxf5 53. Qxf5 gxf5
54. b6 Nd7 55. h3 Rg6 56. b7 Nb8 0-1

[Event "52nd World Juniors 2013"]
[Site "Kocaeli TUR"]
[Date "2013.09.14"]
[Round "2.38"]
[White "Pon, Matt"]
[Black "Gaehwiler, Gabriel"]
[Result "1/2-1/2"]
[WhiteTitle "FM"]
[WhiteElo "1919"]
[BlackElo "2287"]
[WhiteFideId "14301644"]
[BlackFideId "1314530"]
[EventDate "2013.09.13"]

1. d4 Nf6 2. Nf3 g6 3. Nbd2 Bg7 4. e4 d6 5. Bd3 O-O 6. O-O Nc6 7. c3 e5 8. dxe5
Nxe5 9. Nxe5 dxe5 10. Nc4 Qe7 11. Qc2 Nh5 12. b3 Nf4 13. f3 Rd8 14. Be2 Be6 15.
Kh1 Nxe2 16. Qxe2 Qc5 17. Be3 Bxc4 18. bxc4 Qa3 19. Rab1 b6 20. Qc2 Qa6 21. Qe2
Rd7 22. h3 Rad8 23. Rfd1 h6 24. Rxd7 Rxd7 25. Rb5 Qa3 26. Qc2 c6 27. Rb1 Qd6 28.
c5 bxc5 29. c4 Kh7 30. Kg1 Bf8 31. Kf1 Qd3+ 32. Qxd3 Rxd3 33. Rb3 Rxb3 34. axb3
Kg7 35. Bd2 Kf6 36. Ke2 Ke6 37. Kd3 h5 38. Kc2 Be7 39. Kd3 Kd7 40. Be3 Kc7 41.
Kc3 1/2-1/2

[Event "52nd World Juniors 2013"]
[Site "Kocaeli TUR"]
[Date "2013.09.14"]
[Round "2.39"]
[White "Kulkarni, Rakesh"]
[Black "Zor, Alber Kadir"]
[Result "1/2-1/2"]
[WhiteElo "2283"]
[BlackElo "1948"]
[WhiteFideId "5037077"]
[BlackFideId "6353169"]
[EventDate "2013.09.13"]

1. e4 c6 2. c4 d5 3. exd5 cxd5 4. cxd5 Nf6 5. Nc3 g6 6. Nf3 Bg7 7. Bc4 O-O 8.
O-O Na6 9. d3 Nc7 10. Re1 Nfxd5 11. Nxd5 Nxd5 12. Qb3 Nb6 13. Bg5 Bf6 14. Bh6
Nxc4 15. dxc4 Re8 16. Ng5 Qb6 17. Ne4 Bxb2 18. Nd6 Qxb3 19. axb3 Rd8 20. Ra2 Bc3
21. Nxc8 Raxc8 22. Rc1 a5 23. g4 Bb4 24. Kg2 f6 25. Be3 Kf7 26. Kf3 Rd6 27. Ke2
e5 28. Bd2 Bxd2 29. Rxd2 Rxd2+ 30. Kxd2 Ke6 31. Ra1 b6 32. Kc3 Kd6 33. Rd1+ Kc7
34. Rd3 Rd8 35. Rh3 Rd7 36. Rf3 Rd4 37. Rxf6 Rxg4 38. Rf7+ Kd6 39. Rf6+ Kc7 40.
Rf7+ Kd6 41. Rf6+ Kc7 1/2-1/2

[Event "52nd World Juniors 2013"]
[Site "Kocaeli TUR"]
[Date "2013.09.14"]
[Round "2.40"]
[White "Tomazini, Zan"]
[Black "Uysal, Burak"]
[Result "0-1"]
[WhiteTitle "FM"]
[WhiteElo "2277"]
[BlackElo "1928"]
[WhiteFideId "14608162"]
[BlackFideId "6339387"]
[EventDate "2013.09.13"]

1. e4 c5 2. Nf3 d6 3. d4 cxd4 4. Nxd4 Nf6 5. Nc3 a6 6. Bc4 e6 7. Bb3 Nc6 8. Be3
Be7 9. Qe2 Qc7 10. O-O-O Bd7 11. g4 O-O 12. g5 Ne8 13. Rhg1 b5 14. Rg3 b4 15.
Qh5 bxc3 16. Rh3 h6 17. Nf5 exf5 18. Rg1 f4 19. gxh6 g5 20. Bxf4 Bxh3 21. Bxg5
Kh8 22. h7 Nd4 23. Bh6 Nxb3+ 24. axb3 cxb2+ 25. Kb1 Qc5 26. Qxh3 Qa3 27. Rg8+
Rxg8 28. hxg8=Q+ Kxg8 29. Qg4+ Kh8 30. Bg7+ Nxg7 0-1

[Event "52nd World Juniors 2013"]
[Site "Kocaeli TUR"]
[Date "2013.09.14"]
[Round "2.42"]
[White "Carneiro, Vitor Roberto Castro"]
[Black "Cingoz, Ozan"]
[Result "1-0"]
[WhiteTitle "CM"]
[WhiteElo "2263"]
[BlackElo "1918"]
[WhiteFideId "2130106"]
[BlackFideId "6333397"]
[EventDate "2013.09.13"]

1. c4 g6 2. g3 Bg7 3. Bg2 d6 4. Nc3 e5 5. e4 Ne7 6. Nge2 O-O 7. d3 f5 8. Be3 h6
9. Qd2 Kh7 10. f4 Nbc6 11. O-O Be6 12. Nd5 Qd7 13. Rf2 Rae8 14. Raf1 b6 15. d4
fxe4 16. Nxe7 Nxe7 17. d5 Bh3 18. fxe5 Rxf2 19. Rxf2 dxe5 20. Nc3 Bxg2 21. Kxg2
Nf5 22. Nxe4 Nd6 23. Qd3 Qg4 24. Nxd6 cxd6 25. h3 Qd7 26. Qe4 Rf8 27. Rc2 Qf7
28. Bf2 Qf5 29. Qxf5 gxf5 30. a4 f4 31. gxf4 Rxf4 32. b4 Bf8 33. a5 bxa5 34. b5
Rf7 35. Ra2 Rc7 36. Rxa5 Rxc4 37. Rxa7+ Kg6 38. b6 Rb4 39. Rc7 e4 40. b7 Rb2 41.
Kf1 Rb1+ 42. Ke2 Rb2+ 43. Kd1 1-0

[Event "52nd World Juniors 2013"]
[Site "Kocaeli TUR"]
[Date "2013.09.14"]
[Round "2.43"]
[White "Heinechen, John"]
[Black "Yurtseven, Melih"]
[Result "0-1"]
[WhiteElo "1901"]
[BlackElo "2262"]
[WhiteFideId "3700976"]
[BlackFideId "6312160"]
[EventDate "2013.09.13"]

1. e4 e5 2. Nf3 Nc6 3. d4 exd4 4. Nxd4 Bc5 5. Nb3 Bb4+ 6. c3 Be7 7. Bd3 d6 8.
O-O Nf6 9. c4 a5 10. a4 Nb4 11. Nc3 c6 12. Re1 O-O 13. h3 Nd7 14. Be3 Ne5 15.
Bf1 Be6 16. c5 Bxb3 17. Qxb3 dxc5 18. Rad1 Qc7 19. f4 Nd7 20. e5 Nb6 21. Bc4
Nxc4 22. Qxc4 Nc2 23. Re2 Nxe3 24. Rxe3 Rad8 25. Red3 Rxd3 26. Rxd3 Rd8 27. Ne4
Qb6 28. Kh2 Qb4 29. Qxb4 cxb4 30. Rxd8+ Bxd8 31. Nd6 b6 32. Kg3 g6 33. Kf3 Kf8
34. Ke4 Bc7 35. Nc4 Ke7 36. g4 f6 37. exf6+ Kxf6 38. Ne3 b3 39. h4 Kf7 40. f5 b5
41. axb5 cxb5 42. fxg6+ Kxg6 43. Nf5 a4 44. Nd4 a3 45. Nxb3 axb2 46. Nd2 Bg3 47.
h5+ Kg5 48. Kf3 Be1 49. Nb1 Bb4 50. Kg3 Bd6+ 51. Kf3 Bf4 52. Nc3 Bc1 53. Kg3 b4
54. Nb1 Be3 55. Kf3 Bf4 56. h6 Bc1 57. Kg3 Be3 58. Kf3 Bf4 59. Kf2 Kxg4 60. Kg2
Bxh6 61. Kh2 Kf3 0-1

[Event "52nd World Juniors 2013"]
[Site "Kocaeli TUR"]
[Date "2013.09.14"]
[Round "2.44"]
[White "Emiroglu, Cankut"]
[Black "Kitir, Ahmet"]
[Result "1-0"]
[WhiteTitle "CM"]
[WhiteElo "2260"]
[BlackElo "1866"]
[WhiteFideId "6306659"]
[BlackFideId "6327737"]
[EventDate "2013.09.13"]

1. e4 e6 2. d4 d5 3. Nd2 dxe4 4. Nxe4 Nf6 5. Nxf6+ Qxf6 6. Nf3 h6 7. g3 b6 8.
Bg2 Bb7 9. O-O Bd6 10. b3 O-O 11. Bb2 Re8 12. Re1 Nd7 13. Rb1 Rad8 14. c4 e5 15.
d5 a5 16. Nd2 Nc5 17. Ne4 Nxe4 18. Bxe4 Bc8 19. Bc1 g5 20. Qc2 Bg4 21. Kg2 Kh8
22. Be3 Qg7 23. f3 Bh5 24. g4 Bg6 25. h4 gxh4 26. Kf2 Be7 27. Rh1 Bg5 28. Rh3
Bxe4 29. Qxe4 Qg6 30. Ke2 Rd6 31. Bf2 Qf6 32. Rbh1 Qf4 33. Be3 Qxe4 34. fxe4 Rf6
35. Rf3 Rxf3 36. Kxf3 Kg7 37. Bf2 a4 38. b4 a3 39. Bxh4 Bd2 40. Rb1 Ra8 41. c5
f6 42. cxb6 cxb6 43. Bf2 Rb8 44. b5 Rc8 45. Rb3 h5 46. Bxb6 hxg4+ 47. Kxg4 Rc4
48. Kf5 Bb4 49. Rxb4 Rxb4 50. d6 Rxb5 51. d7 Rxb6 52. d8=Q Rb2 53. Qxf6+ Kh7 54.
Qe7+ 1-0

[Event "52nd World Juniors 2013"]
[Site "Kocaeli TUR"]
[Date "2013.09.14"]
[Round "2.45"]
[White "Sahin, Ozgun"]
[Black "Wang, Yiye"]
[Result "0-1"]
[WhiteElo "1857"]
[BlackElo "2258"]
[WhiteFideId "6328121"]
[BlackFideId "8606021"]
[EventDate "2013.09.13"]

1. e4 e6 2. d4 d5 3. exd5 exd5 4. Bd3 Bd6 5. Ne2 Nf6 6. h3 Nc6 7. c3 h6 8. Be3
O-O 9. O-O Re8 10. Nd2 Nh5 11. Nf3 Qf6 12. Nh2 Qh4 13. Nf3 Qf6 14. Nh2 Bf5 15.
Bxf5 Qxf5 16. Qd2 Re4 17. Kh1 Rae8 18. Rae1 Qe6 19. Nf3 f5 20. c4 f4 21. cxd5
fxe3 22. Qd1 Qxd5 23. Nc3 exf2 24. Rxe4 Ng3+ 25. Kh2 Nxf1+ 26. Kh1 Ng3+ 27. Kh2
Nxe4+ 0-1

[Event "52nd World Juniors 2013"]
[Site "Kocaeli TUR"]
[Date "2013.09.14"]
[Round "2.46"]
[White "Ashiku, Franc"]
[Black "Aydin, Hasan Bora"]
[Result "1-0"]
[WhiteElo "2253"]
[BlackElo "1848"]
[WhiteFideId "4700066"]
[BlackFideId "6336612"]
[EventDate "2013.09.13"]

1. e4 c5 2. Nf3 g6 3. c4 Nc6 4. d4 cxd4 5. Nxd4 Bg7 6. Be3 d6 7. Nc3 Nf6 8. Be2
Bd7 9. O-O Nxd4 10. Bxd4 O-O 11. Qd2 Bc6 12. f3 a5 13. b3 Nd7 14. Be3 Nc5 15.
Rab1 Be5 16. Rfd1 Rc8 17. a3 b6 18. b4 Nd7 19. Bf1 axb4 20. axb4 Ra8 21. Nd5 e6
22. Nf4 Qf6 23. Ne2 Ra3 24. Bg5 Qh8 25. Be3 Rfa8 1-0

[Event "52nd World Juniors 2013"]
[Site "Kocaeli TUR"]
[Date "2013.09.14"]
[Round "2.47"]
[White "Baasansuren, Erdene"]
[Black "Tomazini, Aljosa"]
[Result "0-1"]
[WhiteTitle "CM"]
[BlackTitle "FM"]
[WhiteElo "1844"]
[BlackElo "2251"]
[WhiteFideId "4902084"]
[BlackFideId "14608154"]
[EventDate "2013.09.13"]

1. d4 Nf6 2. c4 g6 3. Nc3 d5 4. Bf4 Bg7 5. e3 c6 6. Nf3 O-O 7. Bd3 Bg4 8. h3
dxc4 9. Bxc4 Bf5 10. O-O Ne4 11. Ne5 Nd7 12. Nxd7 Qxd7 13. Nxe4 Bxe4 14. Qb3 Bd5
15. Bxd5 cxd5 16. Rac1 Rfc8 17. Qa3 a6 18. Qa5 Rc6 19. Bc7 Rc8 20. Rxc6 Qxc6 21.
Bb6 e6 22. b4 Bf6 23. a4 Qc3 24. Rb1 Bh4 25. Rf1 Qd2 26. Bc5 Bd8 27. Bb6 Be7 28.
Bc5 Bd8 29. Bb6 Bh4 30. Bc5 Rc6 31. g3 Bg5 32. h4 Bf6 33. Kg2 Kg7 34. Rg1 h6 35.
Ra1 Kg8 36. Rb1 g5 37. hxg5 Bxg5 38. Kf1 Kg7 39. Kg1 Kh7 40. Rf1 Kg8 41. Kg2 f5
42. Kg1 Kf7 43. Kh2 Ke8 44. Bb6 Bxe3 45. Kg1 Rc1 46. Rxc1 Qxc1+ 47. Kg2 Qd2 48.
Bc5 Qxf2+ 49. Kh3 Qf1+ 50. Kh2 Qg1+ 51. Kh3 Qh1# 0-1

[Event "52nd World Juniors 2013"]
[Site "Kocaeli TUR"]
[Date "2013.09.14"]
[Round "2.48"]
[White "Docena, Jerad"]
[Black "Kilic, Efe Mert"]
[Result "1-0"]
[WhiteElo "2227"]
[BlackElo "1843"]
[WhiteFideId "5208173"]
[BlackFideId "6354327"]
[EventDate "2013.09.13"]

1. e4 c6 2. d4 d5 3. exd5 Qxd5 4. Nc3 Qa5 5. Nf3 Bg4 6. h3 Bxf3 7. Qxf3 Nf6 8.
Bc4 e6 9. Bd2 Qb6 10. O-O-O Nbd7 11. Rhe1 O-O-O 12. g4 h6 13. Bb3 Bd6 14. h4
Rdf8 15. g5 hxg5 16. hxg5 Nd5 17. Ne4 Bb8 18. c4 Ne7 19. Bc3 Qc7 20. Kb1 Qf4 21.
Qe2 Nb6 22. a4 Rd8 23. a5 Nd7 24. d5 e5 25. d6 Ng6 26. c5 f5 27. gxf6 gxf6 28.
Ba4 Nxc5 29. Nxc5 Bxd6 30. Ne4 Be7 31. a6 Bb4 32. Qc4 Kb8 1-0

[Event "52nd World Juniors 2013"]
[Site "Kocaeli TUR"]
[Date "2013.09.14"]
[Round "2.49"]
[White "Zhanbai Uulu, Zhokhar"]
[Black "Neves, Pedro"]
[Result "1-0"]
[WhiteElo "1843"]
[BlackElo "2212"]
[WhiteFideId "13800809"]
[BlackFideId "1905554"]
[EventDate "2013.09.13"]

1. e4 c5 2. f4 d5 3. exd5 Qxd5 4. Nc3 Qd8 5. Bb5+ Bd7 6. Qe2 Nc6 7. Nf3 Nh6 8.
O-O Nf5 9. Ne4 Nfd4 10. Nxd4 Nxd4 11. Nd6# 1-0